Diseño optimo de los sistemas de aire acondicionado : hacia un planteamiento integral, 2a. parte (Registro nro. 123700)
[ vista simple ]
| 001 - NÚMERO DE CONTROL | |
|---|---|
| campo de control | 500831 |
| 005 - FECHA Y HORA DE LA ÚLTIMA TRANSACCIÓN | |
| campo de control | 20240201131736.0 |
| 008 - DATOS DE LONGITUD FIJA--INFORMACIÓN GENERAL | |
| campo de control de longitud fija | 990819e19990201 spa |
| 035 ## - NÚMERO DE CONTROL DEL SISTEMA | |
| Número de control de sistema | 500831 |
| 035 ## - NÚMERO DE CONTROL DEL SISTEMA | |
| Número de control de sistema | (OCoLC)819804100 |
| 040 ## - FUENTE DE LA CATALOGACIÓN | |
| Centro/agencia transcriptor | comduadb |
| 041 ## - CÓDIGO DE LENGUA | |
| Código de lengua del texto/banda sonora o título independiente | spa |
| 100 10 - ENTRADA PRINCIPAL--NOMBRE DE PERSONA | |
| Nombre de persona | Luxton, Sam |
| Código de función | aut |
| Término indicativo de función/relación | Autor/a |
| 9 (RLIN) | 296449 |
| 245 10 - MENCIÓN DE TÍTULO | |
| Título | Diseño optimo de los sistemas de aire acondicionado : hacia un planteamiento integral, 2a. parte |
| 650 ## - PUNTO DE ACCESO ADICIONAL DE MATERIA--TÉRMINO DE MATERIA | |
| Término de materia o nombre geográfico como elemento de entrada | Aire acondicionado |
| 9 (RLIN) | 40264 |
| 650 ## - PUNTO DE ACCESO ADICIONAL DE MATERIA--TÉRMINO DE MATERIA | |
| Término de materia o nombre geográfico como elemento de entrada | Diseño |
| 9 (RLIN) | 2344 |
| 650 ## - PUNTO DE ACCESO ADICIONAL DE MATERIA--TÉRMINO DE MATERIA | |
| Término de materia o nombre geográfico como elemento de entrada | Flujo de aire |
| 9 (RLIN) | 26534 |
| 650 ## - PUNTO DE ACCESO ADICIONAL DE MATERIA--TÉRMINO DE MATERIA | |
| Término de materia o nombre geográfico como elemento de entrada | Serpentines |
| 9 (RLIN) | 55345 |
| 650 ## - PUNTO DE ACCESO ADICIONAL DE MATERIA--TÉRMINO DE MATERIA | |
| Término de materia o nombre geográfico como elemento de entrada | Deshumectacion |
| 9 (RLIN) | 23718 |
| 700 10 - ENTRADA AGREGADA--NOMBRE PERSONAL | |
| Nombre de persona | Marshallsay, Patrick |
| Código de función | aut |
| Término indicativo de función/relación | Autor/a |
| 9 (RLIN) | 498464 |
| 773 0# - ENLACE AL DOCUMENTO FUENTE/ENTRADA DE REGISTRO ANFITRIÓN | |
| Título | Frio, Calor, Aire Acondicionado (Madrid) |
| Parte(s) relacionada(s) | No. 301, Feb. 1999, p. 57-63 |
| Número de control del registro | 95781 |
| Número Internacional Normalizado para Publicaciones Seriadas | 0210-0665 |
| Número bibliográfico anfitrión | 92498 |
| 942 ## - ELEMENTOS DE ENTRADA AGREGADA (KOHA) | |
| Tipo de ítem Koha | Artículo de Revista |
No hay ítems disponibles.